Statistics for NBA Basketball Players by Picture

Click here to take the quiz!

General Stats

  • This quiz has been taken 16,253 times
  • The average score is 16 of 20

Answer Stats

Answer% Correct
Lebron James
99%
Yao Ming
94%
Russell Westbrook
93%
Charles Barkley
91%
Allen Iverson
90%
Rajon Rondo
87%
Wilt Chamberlain
86%
Paul George
86%
Joel Embiid
86%
Kareem Abdul-Jabbar
85%
Manu Ginóbili
84%
Joakim Noah
84%
Jason Kidd
83%
Ray Allen
83%
John Stockton
82%
Ben Wallace
65%
Oscar Robertson
64%
Dikembe Mutombo
61%
Bill Walton
58%
Juwan Howard
32%

Score Distribution

Percentile by Number Answered

Percent of People with Each Score

Your Score History

You have not taken this quiz